000 01375nam0a2200349 4500
001 RU\NLR\BIBL_A\016361170
005 20230607151619.0
010 _a978-5-7534-1756-5
_9500
021 _aRU
_bКН-П-23-022876
_9КН-П-23-2279
035 _a(NLR Aleph) 016361170
035 _a(RuMoRGB)011716783
090 _a13151893
_c13151893
100 _a20230503d2022 u y0rusy50 ca
101 0 _arus
102 _aRU
105 _aac z 000ay
181 0 _ai3
_baxxe
182 0 _an
200 1 _aВечер у Клэр
_eроманы
_fГайто Газданов
_gсоставление, послесловие Р. Х. Тотрова
203 _aТекст
_bвизуальный
_cнепосредственный
210 _aВладикавказ
_cИр
_d2022
215 _a505, [2] с.
_cил., портр.
_d23
300 _aВ вып. дан. авт.: Газданов Гайто (Георгий) Иванович
327 1 _aСодерж.: Вечер у Клэр; Ночные дороги; Призрак Александра Вольфа; Возвращение Будды
675 _a821.161.1-31
_v4
686 2 _aШ6(2=Р)6-4
700 1 _aГазданов
_bГ.
_f1903-1971
_gГайто
_3RU\NLR\AUTH\779383
942 _cBOOK
980 _aNB